000 00386 a2200169 4500
001 73568
020 _a
040 _cAnchieta - Colégio São Paulo
100 _aRibeiro, João Ubaldo
240 1 0 _aSargento Getúlio
_lpor
245 1 0 _aSargento Getúlio
300 _a108
362 0 _a1971
440 1 _aCivilização Brasileira
650 4 _aFicção brasileira
942 _cBK
999 _c73568
_d73568